| 000 | 00818nas a2200265 4500 | ||
|---|---|---|---|
| 001 | BR2012004081 | ||
| 003 | BR-BrBNA | ||
| 005 | 20231205120651.0 | ||
| 007 | ta | ||
| 008 | 230509b bl.|||p| |||| 00| 00por d | ||
| 040 |
_aBR-BrBNA _bpor _cBiblioteca Nacional de Agricultura |
||
| 041 | _a(Pt) | ||
| 072 | _aF70 | ||
| 100 | 1 | _aMiotto, S.T.S. | |
| 245 | 1 | _aOs gêneros Centrosema (DC.)Benth. e Clitoria L. (LEGUMINOSAE, FABOIDEAE)no Rio Grande do Sul | |
| 650 | _aCENTROSEMA | ||
| 650 | _aRIO GRANDE DO SUL | ||
| 650 | _aDISTRIBUIÇÃO GEOGRÁFICA | ||
| 650 | _aHABITAT | ||
| 650 | _aFLORAÇÃO | ||
| 650 | _aFRUTIFICAÇÃO | ||
| 773 | 0 |
_tIheringia. Série Botânica (Brazil) _xISSN 0073-4705 _g(Aug 1987), v. 36 p. 15-39 _wBR2012004081 |
|
| 909 |
_a202311 _bLúcia _c55 _dLúcia Elande |
||
| 942 |
_2AGRIS _n0 _cANA |
||
| 999 |
_c219661 _d219661 |
||